Kinevezték a Tudományos Tanács elnökségét és tagjait Straub Bruno szegedi egyetemi tanár a Tanács tagja

Elmentve itt :
Bibliográfiai részletek
Dokumentumtípus: Cikk
Megjelent: 1948-12-22
Sorozat:Délmagyarország
Kulcsszavak:Straub F. Brunó
Online Access:http://dmarchiv.bibl.u-szeged.hu/34699
LEADER 00476nab a2200145 i 4500
001 delm34699
005 20180927112852.0
008 180927s1948 hu o 0|| hun d
040 |a SZTE Délmagyarország Archívum  |b hun 
041 |a hun 
245 0 0 |a Kinevezték a Tudományos Tanács elnökségét és tagjait   |h [elektronikus dokumentum] :  |b Straub Bruno szegedi egyetemi tanár a Tanács tagja 
260 |c 1948-12-22 
300 |a 5 
490 0 |a Délmagyarország 
695 |a Straub F. Brunó